The Volt-OHM-milliammeter / (Record no. 193282)
[ view plain ]
| 000 -LEADER | |
|---|---|
| fixed length control field | 01217 a2200157 4500 |
| 003 - CONTROL NUMBER IDENTIFIER | |
| control field | NUST |
| 005 - DATE AND TIME OF LATEST TRANSACTION | |
| control field | 20230725094742.0 |
| 040 ## - CATALOGING SOURCE | |
| Transcribing agency | Nust |
| 082 ## - DEWEY DECIMAL CLASSIFICATION NUMBER | |
| Classification number | 621.3744,VOL |
| 245 ## - TITLE STATEMENT | |
| Title | The Volt-OHM-milliammeter / |
| 260 ## - PUBLICATION, DISTRIBUTION, ETC. | |
| Place of publication, distribution, etc. | USA |
| Name of publisher, distributor, etc. | M.W.Lads |
| Date of publication, distribution, etc. | 1966 |
| 300 ## - PHYSICAL DESCRIPTION | |
| Extent | 63 p.; |
| 505 ## - FORMATTED CONTENTS NOTE | |
| Formatted contents note | The d’ Arsonval meter (Page-6), The Meter Coil (Page-7), Meter Scales (Page-11), Range Multiplier (Page-13), The Logarithmic Scale (Page-14), The Basic VOM (Page-15), Measuring Resistance (Page-18), The VOM Battery (Page-19), The Standard Resistor (Page-21), D. C. Current Measurements (Page-25), Test Leads (Page-28), The Meter Rectifier (Page-29), Series and Shunt Resistors for A. C. (Page-32), using the VOM (Page-33), Checking Shunted Components (Page-38), Checking long Lines (Page-43), Checking Variable Capacitors (Page-45), Checking Relays (Page-45), Checking Tubes (Page-45), Checking Capacitors (Page-48), Checking LoadSpeakers (Page-50), Checking Transistors (Page-50), Checking line Voltage (Page-53), Checking D. C. Voltages (Page-56), Troubleshooting a tube Circuit (Page-58), Checking Screen grid Voltage (Page-61), Taking Care of your VOM (Page-64). |
| 650 ## - SUBJECT ADDED ENTRY--TOPICAL TERM | |
| Topical term or geographic name entry element | Milliammeter |
| 9 (RLIN) | 113801 |
| 942 ## - ADDED ENTRY ELEMENTS (KOHA) | |
| Source of classification or shelving scheme | |
| Koha item type | Book |
| Call number prefix | 621.3744,VOL |
| Withdrawn status | Lost status | Source of classification or shelving scheme | Damaged status | Not for loan | Permanent Location | Current Location | Shelving location | Date acquired | Full call number | Barcode | Date last seen | Price effective from | Koha item type | Public note |
|---|---|---|---|---|---|---|---|---|---|---|---|---|---|---|
| Military College of Signals (MCS) | Military College of Signals (MCS) | General Stacks | 12/12/2016 | 621.3744,VOL | MCS5898 | 12/08/2016 | 12/12/2016 | Book | Almirah No.88, Shelf No.3 |
